Kanto Pokémon Sudden Death - Statistics

General Stats
  • This quiz has been taken 53 times
  • The average score is 10 of 15
Answers on the Grid
Answers color-coded by a green-red scale on the quiz's grid according to % correct below.
Togepi
Lickitung
Poliwhirl
Ekans
Poochyena
Machamp
Electivire
Goldeen
Steelix
Leafeon
Clefairy
Pinsir
Haunter
Krabby
Heracross
Staraptor
Keldeo
Roselia
Primeape
Psyduck
Perrserker
Zigzagoon
Scyther
Tentacruel
Tangrowth
Dewgong
Hitmontop
Exeggcute
Oranguru
Gligar
 
Answer Stats
Answer % Correct
Ekans
77%
Machamp
73%
Haunter
70%
Poliwhirl
70%
Clefairy
67%
Pinsir
63%
Psyduck
63%
Scyther
63%
Goldeen
60%
Krabby
60%
Primeape
60%
Tentacruel
60%
Exeggcute
57%
Lickitung
57%
Dewgong
50%
No matching quizzes found
Score Distribution
Percent of People with Each Score
Percentile by Number Answered
Your Score History
You have not taken this quiz